000 00686nam a2200289Ia 4500
005 20260324120222.0
008 008 260324s9999 xx 000 0 eng d
020 _a9781315848365
037 _aEBOOK
040 _aCRL
040 _beng
040 _cCRL
041 _2eng
041 _aeng
084 _qCRL
100 _aPeter J Buckley; Pervez Ghauri
_91157701
245 0 _aInternational Business Strategy
245 0 _bTheory and Practice
260 _bTaylor and Francis
260 _c2015
365 _a
365 _b300
856 _uhttp://www.taylorfrancis.com/books/9781315848365
942 _cEBOOK
999 _c1749115
_d1749115